000
00351nam a2200157Ia 4500
008
221030s9999 xx 000 0 und d
020
_a
0070482942
041
_a
English
082
_a
105.23
_b
Dha
100
_a
D. M. Dhamdhere
245
0
_a
Operating Systems
260
_b
TMH
_a
New Delhi
_c
2003
300
_a
806
650
_a
Computers
942
_c
BK
999
_c
317
_d
317